Todos os jogos da franquia Mortal Kombat - Statistics

Estatísticas Gerais
  • Esse quiz foi jogado 102 vezes
  • A pontuação média é 10 de 14
Estatísticas das Respostas
Ano Jogo % Correto
1992 Mortal Kombat
100%
1993 Mortal Kombat II
99%
1995 Mortal Kombat 3
96%
1997 Mortal Kombat 4
95%
2015 Mortal Kombat X
91%
2019 Mortal Kombat 11
87%
2011 Mortal Kombat 9
87%
2006 Mortal Kombat Armageddon
86%
2002 Mortal Kombat Deadly Alliance
60%
2005 Mortal Kombat Shaolin Monks
59%
2004 Mortal Kombat Deception
51%
2008 Mortal Kombat vs DC Universe
51%
2000 Mortal Kombat Special Forces
36%
1997 Mortal Kombat Mythologies Sub Zero
31%
Nenhum quiz correspondente encontrado
Distribuição das Pontuações
Porcentagem de Pessoas com Cada Pontuação
Percentil de Números Respondidos
Sua Pontuação Histórica
Você não jogou esse quiz